书目信息 |
| 题名: |
行草书圣毛泽东
|
|
| 作者: | 王鹤滨 著 | |
| 分册: | ||
| 出版信息: | 北京 中国人事出版社 1993.01 |
|
| 页数: | 326页 | |
| 开本: | 20cm | |
| 丛书名: | ||
| 单 册: | ||
| 中图分类: | J292.34 | |
| 科图分类: | ||
| 主题词: | 书法--中国 , 篆刻--中国 | |
| 电子资源: | ||
| ISBN: | 7-80076-318-8 | |
| 000 | 00597nam0 2200205 450 | |
| 001 | 0834365447 | |
| 005 | 20081008093425.25 | |
| 010 | @a7-80076-318-8@dCNY9.80 | |
| 100 | @a20081008d1993 km y0chiy0120 ea | |
| 101 | 0 | @achi |
| 102 | @aCN@b110000 | |
| 200 | 1 | @a行草书圣毛泽东@Axing cao shu sheng mao ze dong@f王鹤滨著@Fwang he bin zhu |
| 210 | @a北京@c中国人事出版社@d1993.01 | |
| 215 | @a326页@d20cm | |
| 606 | 0 | @a书法@x中国 |
| 606 | 0 | @a篆刻@x中国 |
| 690 | @aJ292.34@v4 | |
| 701 | 0 | @a王鹤滨@Awang he bin@4著 |
| 801 | 0 | @aCN@b大连网信软件有限公司图书馆·11@c20081008 |
| 905 | @aBZT@dJ292.34@e70 | |
| 行草书圣毛泽东/王鹤滨著.-北京:中国人事出版社,1993.01 |
| 326页;20cm |
| ISBN 7-80076-318-8:CNY9.80 |
| ● |
| 相关链接 |
|
|
|
正题名:行草书圣毛泽东
索取号:J292.34/70
 
预约/预借
| 序号 | 登录号 | 条形码 | 馆藏地/架位号 | 状态 | 备注 |
| 1 | 062370 | 201242388 | 中心书库中库/ 中库018架A面7列4层31/ [索取号:J292.34/70] | 在馆 |